000 00446nam a22001577a 4500
082 _a530.412
_bGOD
_cL-6, P-38
100 _aBoulind, H. F.
_939857
245 _aProperties of matter
_cH.F. Boulind
260 _aLondon
_bMethuen & Co, Ltd
_c1948
300 _aviii, 119.p:
526 _a0
_b0
_c0
_d530_412000000000000_GOD
526 _a0
_b0
_c0
_d530_412000000000000_GOD
650 _aMCE
_9379
700 _aH.F. Boulind
_939858
942 _2ddc
_cBK
999 _c544274
_d544274